| 000 | nam a22 7a 4500 | ||
|---|---|---|---|
| 999 |
_c330819 _d330819 |
||
| 003 | NUST | ||
| 005 | 20170809115332.0 | ||
| 008 | 170809b xxu||||| |||| 00| 0 eng d | ||
| 040 | _cNUST | ||
| 082 |
_a 297.56 _bSAR |
||
| 100 |
_aAman Ullah Khan Arman Sarhadi _93875 |
||
| 245 |
_aUrs aur melay/ _cby Aman Ullah Khan Arman Sarhadi |
||
| 260 |
_aLahore: _bSheikh Ghulam Ali and Sons, |
||
| 300 | _a299 p. | ||
| 650 |
_aBiographies _93595 |
||
| 880 |
_6100-01\(3\r _aامان اللہ خان ارمان سرحدی |
||
| 880 |
_6245-02\(3\r _aعرس اور میلے _cامان اللہ خان ارمان سرحدی |
||
| 880 |
_6260-03\(3\r _aلاہور: _bشیخ غلام علی اینڈ سنز، |
||
| 942 |
_2ddc _cBK |
||